| 000 | 00810nam a22002057a 4500 | ||
|---|---|---|---|
| 999 |
_c9769 _d9769 |
||
| 003 | AR-CdUCM | ||
| 008 | 190328b ||||| |||| 00| 0 spa d | ||
| 040 |
_aMUNICIPALIDAD PROVINCIAL DEL CUSCO _cBIBLIOTECA MUNICIPAL DEL CUSCO |
||
| 082 |
_a343. 246 / _bJ54 / 1932 |
||
| 100 |
_aDe Asúa, Luis Jimenez _926197 |
||
| 245 |
_aProcesos histórico : _bDe la constitución de la república española / |
||
| 260 |
_aMadrid : _bReus, _c1932. |
||
| 300 |
_a496 paginas ; _c18 cm. |
||
| 505 | _aContenido : Los proyectos constitucionales y la constitución de 1931 -- Proyecto de la comisión jurídica asesora -- Proyecto de la comision parlamentaria -- Constitucion de 1931 ... | ||
| 650 |
_aConstitucion _92117 |
||
| 650 |
_aEspañola _924066 |
||
| 650 |
_aRepública _9831 |
||
| 942 |
_2ddc _cLIBROS |
||
| 945 | _arah | ||